| 000 | 00723nam a22002177a 4500 | ||
|---|---|---|---|
| 005 | 20240530110618.0 | ||
| 008 | 161205s2015 ua ao g b 000 0 ara d | ||
| 017 |
_a2015/8481 _bمصر. دار الكتب |
||
| 020 | _a9789772686742 | ||
| 040 |
_aEG-CaGPL _cEG-CaGPL |
||
| 082 | 0 | 4 |
_221 _a599.5\ _bأ ب |
| 100 | 0 | _aاحمد محمد ابراهيم . | |
| 245 | 1 | 0 |
_aبانوراما عمالقة البحار و المحيطات / _cاعداد احمد محمد ابراهيم . |
| 250 | _aط.1 | ||
| 260 |
_aالقاهرة : _bالمؤلف ، _c2015 . |
||
| 300 |
_a488 ص. : _bصور لو ؛ _c24 سم . |
||
| 650 | 0 | 7 |
_2qrmak _aالحيتان . |
| 651 | _2qrmak | ||
| 942 |
_2ddc _cBK |
||
| 999 |
_c62990 _d62990 |
||